The lines of fire: A history of cartographic conflictS. (Record no. 532086)

000 -LEADER
fixed length control field 01531nam a22001337a 4500
008 - FIXED-LENGTH DATA ELEMENTS--GENERAL INFORMATION
fixed length control field 251211b ||||| |||| 00| 0 eng d
100 ## - MAIN ENTRY--PERSONAL NAME
Personal name Ranade, V.S.
245 ## - TITLE STATEMENT
Title The lines of fire: A history of cartographic conflictS.
260 ## - PUBLICATION, DISTRIBUTION, ETC. (IMPRINT)
Place of publication, distribution, etc U.S.I. Journal
300 ## - PHYSICAL DESCRIPTION
Extent 155(641), Jul-Sep, 2025: p.442-453
520 ## - SUMMARY, ETC.
Summary, etc This article examines the origins and enduring consequences of cartographic boundaries in the Indian subcontinent, many of which were drawn hastily by the British without consideration of ethnic, cultural, or demographic realities. It highlights how treaties such as Gandamak, Durand, and Sagauli, and lines including the Radcliffe, Johnson, McMahon, Pemberton, and others created lasting disputes that continue to fuel instability. The analysis traces the transformation of these boundaries into contentious frontiers such as the Line of Control, Line of Actual Control, and Actual Ground Position Line, underscoring their role in regional crises with Pakistan, China, Nepal, and Myanmar. The article also emphasises how porous borders have been exploited by non-state actors, intensifying insecurity. While India has strengthened border management through infrastructure and security initiatives, the article argues that only diplomacy, confidencebuilding, and pragmatic cooperation can transform these divisive lines into instruments of peace and shared regional prosperity.- Reproduced

https://usiofindia.org/pdf/USI_Journal_July_Sept_2025_Issue.pdf
773 ## - HOST ITEM ENTRY
Main entry heading U.S.I. Journal
942 ## - ADDED ENTRY ELEMENTS (KOHA)
Item type Articles
Holdings
Withdrawn status Lost status Source of classification or shelving scheme Damaged status Not for loan Permanent location Current location Date acquired Serial Enumeration / chronology Barcode Date last seen Koha item type
          Indian Institute of Public Administration Indian Institute of Public Administration 2025-12-11 155(641), Jul-Sep, 2025: p.442-453 AR137727 2025-12-11 Articles

Powered by Koha